| Tag |
First Indicator |
Second Indicator |
Subfields |
| LEADER |
00000cam a2200000 a 4500 |
| 001 |
in00002175608 |
| 005 |
20151104053514.0 |
| 008 |
060302s2006 ctua b 001 0 eng |
| 010 |
|
|
|a 2006007466
|
| 020 |
|
|
|a 1591582849 (pbk. : alk. paper)
|
| 024 |
3 |
|
|a 9781591582847
|
| 035 |
|
|
|a (OCoLC)ocm65187234
|
| 040 |
|
|
|a DLC
|c DLC
|d BAKER
|d C#P
|d UtOrBLW
|
| 049 |
|
|
|a TXAM
|
| 050 |
0 |
0 |
|a Z1037.A1
|b L83 2006
|
| 082 |
0 |
0 |
|a 920.007
|2 22
|
| 100 |
1 |
|
|a Lukenbill, W. Bernard.
|
| 245 |
1 |
0 |
|a Biography in the lives of youth :
|b culture, society, and information /
|c W. Bernard Lukenbill.
|
| 264 |
|
1 |
|a Westport, Conn. :
|b Libraries Unlimited,
|c 2006.
|
| 300 |
|
|
|a xx, 251 pages :
|b illustrations ;
|c 24 cm.
|
| 336 |
|
|
|a text
|b txt
|2 rdacontent
|
| 337 |
|
|
|a unmediated
|b n
|2 rdamedia
|
| 338 |
|
|
|a volume
|b nc
|2 rdacarrier
|
| 504 |
|
|
|a Includes bibliographical references (pages [235]-243) and index.
|
| 505 |
0 |
|
|a Biography : its place in life and learning -- Biography in the library media centers -- Biography for the very young -- Biography : life in a mirror -- Biography and literature -- Biography, celebrities and modern life -- Biography as social dialogue -- Biography in art -- Reflections.
|
| 650 |
|
0 |
|a Children
|x Books and reading
|x Social aspects.
|
| 650 |
|
0 |
|a Teenagers
|x Books and reading
|x Social aspects.
|
| 650 |
|
0 |
|a Biography
|x Study and teaching.
|
| 650 |
|
0 |
|a Biography as a literary form.
|
| 650 |
|
0 |
|a Moral education.
|
| 650 |
|
0 |
|a School libraries
|x Activity programs.
|
| 650 |
|
0 |
|a Children's libraries
|x Activity programs.
|
| 650 |
|
0 |
|a Young adults' libraries
|x Activity programs.
|
| 650 |
|
0 |
|a Libraries
|x Special collections
|x Biography.
|
| 938 |
|
|
|a Baker & Taylor
|b BKTY
|c 45.00
|d 45.00
|i 1591582849
|n 0006725137
|s active
|
| 945 |
|
|
|i PromptCat
|
| 947 |
|
|
|a A14834120944
|
| 948 |
|
|
|a cataloged
|b h
|c 2006/6/15
|d c
|e achopde
|f 11:57:25 am
|
| 994 |
|
|
|a 92
|b TXA
|
| 999 |
|
|
|a MARS
|
| 999 |
f |
f |
|s ec1a5e2b-85c5-3cd8-ae9b-2d232b992b00
|i a2171c0c-7b46-3bf8-a3d0-e4b59ac23fec
|t 0
|
| 952 |
f |
f |
|p ric
|a Texas A&M University
|b Rellis Campus
|c Joint Library Facility
|d Remote Storage
|t 0
|e Z1037.A1 L83 2006
|h Library of Congress classification
|i unmediated -- volume
|m A14834120944
|
| 998 |
f |
f |
|a Z1037.A1 L83 2006
|t 0
|l Remote Storage
|